000 00762cam a2200289 i 4500
001 000003434
003 DO-SdBNP
005 20230626085945.0
007 ta
008 930223s1999 dk ad 000 0 spa d
040 _aDO-SdBNP
_bspa
_cBNPHU
_erda
082 4 _bP293
_222
110 _981235
245 0 0 _aPastoral del VIH/sida prevención, detección y acompañamiento humano
264 _aSanto Domingo :
_bAmigo del Hogar,
_c1999
300 _a156 paginas ;
_c21 cm.
336 _2rdacontent
_atexto
_btxt
337 _2rdamedia
_asin mediación
_bn
338 _2rdacarrier
_avolumen
_bnc
590 _aInventariado, 2023 / DG
650 _9476
650 _93734
710 _910709
830 _910710
_n93
910 _aDG
942 _2ddc
_cLBS1
999 _c53938
_d53938